| 000 | 00820cam a2200253 a 4500 | ||
|---|---|---|---|
| 999 |
_c10548 _d10548 |
||
| 003 | OSt | ||
| 005 | 20220404130744.0 | ||
| 008 | 040407s2003 enkab b 001 0 eng d | ||
| 020 | _a0714841552 | ||
| 040 |
_aCVU _cCVU _dAGX _dDLC |
||
| 042 | _alccopycat | ||
| 082 | 0 | 0 |
_a724/.6 _222 |
| 100 | 1 | _aSpens, Michael. | |
| 245 | 1 | 0 |
_aModern landscape / _cMichael Spens. |
| 260 |
_aLondon ; _aNew York : _bPhaidon Press, _c2003. |
||
| 300 |
_a239 p. : _bill. (some col.), maps ; _c30 cm. |
||
| 504 | _aIncludes bibliographical references (p. 234-235) and index. | ||
| 650 | 0 |
_aArchitecture _xEnvironmental aspects. |
|
| 650 | 0 | _aLandscape architecture. | |
| 650 | 0 |
_aArchitecture, Modern _y20th century. |
|
| 650 | 0 |
_aArchitecture, Modern _y21st century. |
|
| 906 |
_a7 _bcbc _ccopycat _d2 _encip _f20 _gy-gencatlg |
||
| 942 | _2ddc | ||